000 01013nam a2200289 i 4500
003 EG-GICUC
005 20260501125455.0
008 260501s1869 fr |||fr|||| 00| 0 fre d
040 _aEG-GiCUC
_bfre
_cEG-GiCUC
_dEG-GiCUC
_eRda
082 0 4 _221
_a343.83
_bAR . E
092 0 4 _221
099 _aLaw1 10 343.83 AR . E 1869
100 0 _aArif Ibrahim Hassan
_eAuteur
245 1 5 _aDe L'examen Du Cadavre en Médecine Légale /
_cPar Le Dr Arif Ibrahim Hassan.
264 3 _aParis :
_bA. Parent, Imprimeur De La Faculté De Médecine,
_c1869.
300 _a360 page;
_c 24 cm.
336 _2rda contenu
_a texte
337 _2rda medias
_aOrdinateur
338 _2 transporteur rda
_a Ressource en ligne
500 _aThèse Pour Le Doctorat en Médecine Présentée Et Soutenue Le 23 Avril 1869
650 1 _aMédecine Légale
_2qrmak
650 1 _aDroit De Pénal
_2qrmak
651 1 _2qrmak
856 4 0 _uhttps://fll.law.cu.edu.eg/fulltext/bks/B10-11177.pdf
905 _a54
942 _2ddc
_cBK
_e21
_n0
999 _c74629
_d74629